सत्यार्थप्रकाशः / (Record no. 121383)

MARC details
000 -LEADER
fixed length control field 00980nam a22002297a 4500
005 - DATE AND TIME OF LATEST TRANSACTION
control field 20170124103213.0
010 ## - LIBRARY OF CONGRESS CONTROL NUMBER
LC control number A-875690
020 ## - INTERNATIONAL STANDARD BOOK NUMBER
Terms of availability 200.00
035 ## - SYSTEM CONTROL NUMBER
System control number A-875690
037 ## - SOURCE OF ACQUISITION
Source of stock number/acquisition Cen Lib/Ret
040 ## - CATALOGING SOURCE
Original cataloging agency DPL
Language of cataloging HN
082 ## - DEWEY DECIMAL CLASSIFICATION NUMBER
Classification number 238
Item number सत्यार्थ
245 ## - TITLE STATEMENT
Title सत्यार्थप्रकाशः /
Statement of responsibility, etc अनुवादक जगदीश्वरानन्द सरस्वती
246 ## - VARYING FORM OF TITLE
Title proper/short title Satyarthprakashah /
Remainder of title anuvadak Jagdishwaranand Saraswati
260 ## - PUBLICATION, DISTRIBUTION, ETC. (IMPRINT)
Place of publication, distribution, etc दिल्ली
Name of publisher, distributor, etc भगवती प्रकाशन
Date of publication, distribution, etc 1995
270 ## - ADDRESS
City दिल्ली
Address एच 1/2, मॉडल टाउन
Postal code 110008
300 ## - PHYSICAL DESCRIPTION
Extent xiii,449पृ.
Dimensions 24सेमी(सजिल्द)
650 ## - SUBJECT ADDED ENTRY--TOPICAL TERM
Topical term or geographic name as entry element हिन्दू धर्म
General subdivision
Geographic subdivision
9 (RLIN) 96876
650 ## - SUBJECT ADDED ENTRY--TOPICAL TERM
Topical term or geographic name as entry element Hindu religion
9 (RLIN) 96877
700 ## - ADDED ENTRY--PERSONAL NAME
Personal name सरस्वती, जगदीश्वरानन्द
9 (RLIN) 51301
942 ## - ADDED ENTRY ELEMENTS (KOHA)
Source of classification or shelving scheme Dewey Decimal Classification
Koha item type Hindi Books
Classification part 238
Call number suffix सत्यार्थ
Holdings
Withdrawn status Lost status Damaged status Not for loan Collection code Home library Current library Date acquired Source of acquisition Cost, normal purchase price Total Checkouts Full call number Barcode Date last seen Copy number Cost, replacement price Price effective from Koha item type Source of classification or shelving scheme
      Not For Loan Reference Central Library Central Library 06/10/2015 Cen Lib/Ret 200.00   238 सत्यार्थ A-875690 06/10/2015 1 200.00 06/10/2015 Hindi Books  
      Not For Loan   D.B.Act.Division D.B.Act.Division 12/09/2017       238 सत्यार्थ   12/09/2017     12/09/2017 Hindi Books Dewey Decimal Classification

© Delhi Public Library
Hit Counter
free hit counter